| 000 | 01575ngm a2200349 4500 | ||
|---|---|---|---|
| 003 | dpl | ||
| 005 | 20090318145714.0 | ||
| 007 | DVD | ||
| 008 | ||||||sp199 xxu|||||c ||| 00| 0 ng d | ||
| 010 | _aDVD-001823-1825 | ||
| 024 |
_aVENF 0003 _c49.00 |
||
| 035 | _aDVD-001823-1825 | ||
| 040 |
_aDPL _cDPL |
||
| 082 | _aDVD / SOME | ||
| 245 |
_aSome Girls Do! / _cThe Rank Organization Presents _h[videorecording] DVD/ |
||
| 260 | _bMoserbaer Entertainment | ||
| 300 |
_a1 videodisc VCD; _bsd., col. ; _c4 3/4 in. _fVCD |
||
| 440 | _aMoserbaer Home Entertainment | ||
| 500 | _aMoserbaer India Ltd. has obtained the necessary licence/conssent from the owner of the copyright in the wroks for making this DVD Film. | ||
| 538 | _aDolby Digital 5.1 -English Subtitles: English | ||
| 650 | _aMotion Picture | ||
| 700 | _aJohnson, Richard | ||
| 700 | _aLavi, Daliah | ||
| 700 | _aLoncar, Beba | ||
| 700 | _aHoward, Vanessa | ||
| 700 | _aRome, Sydne | ||
| 942 |
_cCF _2ddc _hDVD _mSOME |
||
| 999 |
_c25370 _d25370 |
||